| 000 | 00748cab a2200265 4500 | ||
|---|---|---|---|
| 001 | ABS59059 | ||
| 008 | 090401t1998 xxu||||| |||| 00| 0 eng d | ||
| 035 | _a(Sirsi) u87693 | ||
| 041 | _aeng | ||
| 100 | _aSmith, M. | ||
| 245 | _aWhy bother with an inventory? | ||
| 260 | _c1998 | ||
| 350 | _a0 | ||
| 490 |
_aEstate Agency News _v(136) July 1998, 12(1) |
||
| 520 | _aDiscusses the importance of professionally prepared inventories. Looks at what they should include, the fees for preparation and the process of check-out. | ||
| 650 | _aDAMAGE | ||
| 650 | _aFEES | ||
| 650 | _aINVENTORIES | ||
| 650 | _aKEYS | ||
| 650 | _aLANDLORDS | ||
| 650 | _aTENANTS | ||
| 690 |
_aBlock management _96220 |
||
| 942 | _n0 | ||
| 948 | _c29/07/1998 | ||
| 999 |
_c55325 _d55325 |
||